000 00595cam a22001934a 4500
005 20250605164349.0
008 250528s ||||||||||||||||||||||||d
035 _a24099
040 _aGR-AtMCL
_bgre
_dGR-AtMCL
_eAACR2
245 1 _aSexuality / Special Issue
260 _c2006
300 _a64
520 _aSpearman Medal Lecture, Identity in Northern Ireland, Living on the Edge, Shifting Patterns of Social Identity in Northern Ireland.
700 1 _aSutton Jon
_99351
942 _cCR
710 2 _aThe British Psychological Society
_99823
999 _c8998
_d8998